Statistics for People on US Currency

Click here to take the quiz!

General Stats

  • This quiz has been taken 37 times
  • The average score is 15 of 20

Answer Stats

HintAnswer% Correct
Current 1 cent coin (penny)Abraham Lincoln
100%
Current 5$ noteAbraham Lincoln
100%
Current 20$ noteAndrew Jackson
100%
Current 1$ noteGeorge Washington
100%
Current 25 cent coin (quarter)George Washington
100%
Current 100$ noteBenjamin Franklin
97%
Current 5 cent coin (nickel)Thomas Jefferson
88%
Current 2$ noteThomas Jefferson
88%
Current 50$ noteUlysses S. Grant
88%
Current 10$ noteAlexander Hamilton
82%
Current 10 cent coin (dime)Franklin D. Roosevelt
79%
Current 50 cent coin (half dollar)John F. Kennedy
79%
Discontinued $5000 noteJames Madison
62%
Retired in 1976 1$ coinDwight D. Eisenhower
50%
Discountinued $1000 noteGrover Cleveland
50%
Discontinued $500 noteWilliam McKinley
47%
Discontinued $100,000 noteWoodrow Wilson
47%
Current 1$ coinSacagawea
41%
Retired in 1999 1$ coinSusan B. Anthony
35%
Discontinued $10,000 noteSalmon P. Chase
29%

Score Distribution

Percentile by Number Answered

Percent of People with Each Score

Your Score History

You have not taken this quiz